000 00602nam a2200205Ia 4500
005 20250923145135.0
008 008 250917s9999 xx 000 0 eng d
037 _aTextual
040 _aDSWL
_beng
_cDSWL
041 _aeng
_2eng
084 _aY2, N65
_qDSWL
245 0 _aSocial structure and the family: Genration-Relations
_cEd.by E. Shanas
260 _aEnglewood
_bCliff,New Jersey Prentice-Hall Inc.
_c1965
300 _axii,117p.
365 _aINR
_b9.95
700 _aG.F. Streib
_9832164
925 _g9.95
942 _cTEXL
_hY2, N65
999 _c1447644
_d1447644